Countries Closest to the Equator - 30 Second Sprint - Statistics

General Stats
  • This quiz has been taken 30 times
  • The average score is 11 of 20
Answer Stats
km country % Correct
0 Brazil
95%
0 Colombia
84%
0 Congo
79%
0 Dem Rep Congo
79%
0 Ecuador
79%
2 Peru
68%
0 Uganda
68%
0 Indonesia
63%
0 Kenya
63%
0 Gabon
58%
0 Somalia
58%
136 Venezuela
53%
21 Maldives
47%
102 Equatorial Guinea
42%
0 São Tomé and Príncipe
42%
13 Kiribati
32%
116 Rwanda
32%
55 Nauru
26%
127 Singapore
26%
173 Malaysia
21%
No matching quizzes found
Score Distribution
Percent of People with Each Score
Percentile by Number Answered
Your Score History
You have not taken this quiz